| 000 | 00475nam a2200181Ia 4500 | ||
|---|---|---|---|
| 003 | GCL | ||
| 008 | 140319s9999 xx 000 0 eng d | ||
| 040 |
_aGCL / _cGCL |
||
| 082 | 0 | 4 |
_a759 _bM M |
| 100 | 1 | _aMOURE, GLORIA | |
| 245 | 1 | 0 |
_aMARCEL DUCHAMP / _cMOURE, GLORIA |
| 260 |
_a[S.N] : _bACADEMY EDITIONS ، _c1993 |
||
| 300 | _a128 P P | ||
| 650 | 0 | 4 | _aSPAIN - PAINTERS |
| 650 | 0 | 4 | _aPAINTERS AND PAINTINGS |
| 650 | 0 | 4 | _aDUCHAMP, MARCEL (1887 - 1968) |
| 942 |
_2ddc _cBK |
||
| 999 |
_c12155 _d12155 |
||